000 00759nam a2200265 4500
001 0000015567
003 CO-CtgCURN
005 20250331191043.0
008 160627s1995 000 0 eng d
020 _a8467303993
040 _aCO-CtgCURN
_bspa
_ccoctgcurn
082 0 _a851
_bD192di
100 1 _aDante Alighieri.
245 1 3 _aLa divina comedia /
_cDante Alighieri.
260 _aMadrid :
_bRBA Editores,
_c1995.
300 _a653 p.
336 _2rdacontent
337 _2rdamedia
_asin mediacion
_bn
338 _2rdacarrier
_avolumen
_bnc
505 8 _aObra Literaria
650 0 _aPoesia italiana.
908 _a160627
942 _cBK
_h851
_iD192di
_2ddc
999 _c25854
_d25854
_x1